00917nam a2200265 a 4500001001300000003000900013005001700022008004100039020002300080082001900103100002200122245008100144260003200225300000900257500003500266505001000301650002800311650002100339700002200360902000800382942000700390952012000397952011900517999001500636nice12345678IN_TiNIC20260116013120.0050524s1983 lona grp 000 0 eng  a0700759 c36000a330.10297bDOB aDobbin, Christine aIslamic Revivalism in a Changing Peasant Economyb Central Sumatra, 1784-184 aLondonbCurzon Press c1983 a300p aincludes index and biblioraphy2 aIndex aIslam-Indonesia-samatra aIslam-Revelation1 aDobbin, Christine bSRS cBK 001040708StackRoom-aHMIbHMId2007-04-25g360.00l0o330.10297 DOBp015199r2018-10-08v360.00w2005-05-24yBK 00104070aHMIbHMIcGENd2023-09-11eNetherlandsg2878.00l0o330.10297 DOBp11-4751r2023-09-11w2023-09-11yBK c9716d9716